| 000 | 01023am a2200289a 44500 | ||
|---|---|---|---|
| 003 | AR-BaBNM | ||
| 005 | 20251128211057.0 | ||
| 008 | 192020s1965 #AR|||||||||||000 | esp|| | ||
| 040 | _cAR-BaBNM | ||
| 100 | 1 | _aFernández, Raúl | |
| 245 | 1 | 0 | _aHistoria de la educación primaria de Córdoba |
| 260 |
_aCórdoba _bUniversidad Nacional de Córdoba _c1965 |
||
| 300 |
_a263 p. _btablas |
||
| 490 | 0 | _aBiblioteca de Historia | |
| 500 | _aEn apéndice contiene: legislación educativa,cuadro demostrativo poblacioanal, cuadro demostrativo de los presceptores, plan de enseñanza para las escuelas primarias, reglamento interno de la inspección | ||
| 504 | _aContiene bibliografía en p. 259 | ||
| 650 | 4 | _aEDUCACION | |
| 650 | 4 | _aHISTORIA DE LA EDUCACION | |
| 650 | 4 | _aORGANIZACION DE LA EDUCACION | |
| 650 | 4 | _aPLAN DE ESTUDIOS DE PRIMARIA | |
| 650 | 4 | _aINSPECCION DE ESCUELAS | |
| 651 | 4 | _aCórdoba | |
| 653 | _aEDUCACION PRIMARIA | ||
| 653 | _aLEGISLACION EDUCATIVA | ||
| 942 | _cBK | ||
| 998 | _calicia | ||
| 999 |
_c18126 _d18126 |
||